Catálogo de la Biblioteca Horacio González - Universidad Nacional de General Sarmiento

Matemática dinámica (Registro nro. 16443)

Detalles MARC
000 -CABECERA
campo de control de longitud fija 01324nam a22003250a 4500
001 - NÚMERO DE CONTROL
campo de control PT13866
003 - IDENTIFICADOR DEL NÚMERO DE CONTROL
campo de control AR-LpoUNG
005 - FECHA Y HORA DE LA ÚLTIMA TRANSACCIÓN
campo de control 20210131232608.0
008 - DATOS DE LONGITUD FIJA--INFORMACIÓN GENERAL
campo de control de longitud fija 191001s2000||||ag |||||||||||||||||spa d
020 ## - NÚMERO INTERNACIONAL ESTÁNDAR DEL LIBRO
Número Internacional Estándar del Libro 9505346034
Condiciones de disponibilidad $6.05
040 ## - FUENTE DE LA CATALOGACIÓN
Centro catalogador/agencia de origen AR-LpoUNG
Lengua de catalogación spa
Centro/agencia transcriptor AR-LpoUNG
Normas de descripción aacr
041 ## - CÓDIGO DE LENGUA
Código de lengua del texto/banda sonora o título independiente spa
044 ## - CÓDIGO DEL PAÍS DE LA ENTIDAD EDITORA/PRODUCTORA
Código MARC del país ag
082 0# - NÚMERO DE LA CLASIFICACIÓN DECIMAL DEWEY
Número de clasificación 372.044 7 537ma
100 1# - ENTRADA PRINCIPAL--NOMBRE DE PERSONA
Nombre de persona Berté, Annie
245 10 - MENCIÓN DE TÍTULO
Título Matemática dinámica
250 ## - MENCIÓN DE EDICIÓN
Mención de edición 2º edición
260 ## - PUBLICACIÓN, DISTRIBUCIÓN, ETC.
Lugar de publicación, distribución, etc. Buenos Aires :
Nombre del editor, distribuidor, etc. A-Z,
Fecha de publicación, distribución, etc. 2000.
300 ## - DESCRIPCIÓN FÍSICA
Extensión 295 p. :
Otras características físicas tbls., il.
505 0# - NOTA DE CONTENIDO CON FORMATO
Nota de contenido con formato Colección Temas y problemas de EGB
520 ## - SUMARIO, ETC.
Sumario, etc. Tanto los docentes como los estudiantes encontrarán en él ideas originales para concebir situaciones de enseñanza muy diferentes a las que ellos vivieron en aquellas edades. Estas sitauciones se muestran a través de los diálogos entre cuatro alumnos de diferentes edades quienes, mediante esos interncambios y con la ayuda del profesor, construyen sus saberes. Algunos comentarios y textos teóricos complententan esos diálogos. La teoría y los hechos se iluminan mutuamente.
650 #4 - PUNTO DE ACCESO ADICIONAL DE MATERIA--TÉRMINO DE MATERIA
Término de materia o nombre geográfico como elemento de entrada ENSEÑANZA
650 #4 - PUNTO DE ACCESO ADICIONAL DE MATERIA--TÉRMINO DE MATERIA
Término de materia o nombre geográfico como elemento de entrada MATEMATICAS
650 #4 - PUNTO DE ACCESO ADICIONAL DE MATERIA--TÉRMINO DE MATERIA
Término de materia o nombre geográfico como elemento de entrada PERSONAL DOCENTE
650 #4 - PUNTO DE ACCESO ADICIONAL DE MATERIA--TÉRMINO DE MATERIA
Término de materia o nombre geográfico como elemento de entrada PRACTICA PEDAGOGICA
651 #4 - PUNTO DE ACCESO ADICIONAL DE MATERIA--NOMBRE GEOGRÁFICO
Nombre geográfico DOCUMENTOS TEORICOS O METODOLOGICOS
700 1# - PUNTO DE ACCESO ADICIONAL--NOMBRE DE PERSONA
Nombre de persona Caffaro, Margarita,trad.
905 ## - ELEMENTOS DE DATOS E LOCAL, LDE (RLIN)
a 13866
942 ## - ELEMENTOS DE PUNTO DE ACCESO ADICIONAL (KOHA)
Tipo de ítem Koha Libro
Existencias
Estado de retiro Estado de pérdida Estado dañado No para préstamo Código de colección Localización permanente Ubicación/localización actual Fecha de adquisición Total de préstamos Signatura topográfica completa Código de barras En préstamo Fecha visto por última vez Fecha del último préstamo Precio válido a partir de Tipo de ítem Koha
        Colección General Biblioteca Universidad Nacional de General Sarmiento Biblioteca Universidad Nacional de General Sarmiento 31/01/2021 1 372.044 7 537ma 00016768 13/03/2003 02/01/2024 02/01/2024 31/01/2021 Libro